000 00662nam a2200229Ia 4500
003 OSt
005 20220923211646.0
006 a|||||r|||| 00| 0
007 ta
008 220922b |||||||| |||| 00| 0 hin d
024 _a41,054
037 _cTextual
040 _aARTS
_cARTS
_bhin
041 _2hin
_ahin
082 _aO15,1A2, 152N1.4
245 0 _aसचित्र महाभारत
246 _aSachitra hinābhārata
260 _aदिल्ली
_b नाग प्रकाशन
_c1991
650 _aसंस्कृत साहित्य
942 _hO15,1A2, 152N1.4
_cTEXL
_2CC
999 _c302298
_d302298